000 00446 a2200157 4500
005 20240726124538.0
008 240726b |||||||| |||| 00| 0 eng d
020 _a9781119115625
082 _a720.28/MEL
100 _aMelendez F
_9207955
245 _aDrawing From The Model: Fundamentals of Digital Drawing
260 _bWiley
_c2019
_aNew Jersay
300 _a337p
_bPB
500 _aArchitectural Drawing Architectural Model
942 _cRF
999 _c359154
_d359154